LEADER 00888nam a2200241 i 4500 001 000000137522 003 CaOOAMICUS 005 20240513163405.0 008 050414s1966 it u000 u ita u 013 $a111312 040 $aSeMil$bita 100 1 $aLawrence, David Herbert <1885-1930>.$0(OLS)http://semarc/name/1545 245 13$aIl peccatore /$cDavid Herbert Lawrence. 260 $aRoma :$bCasini,$c1966. 300 $a326 p. ;$c18 cm. 490 0 $aI libri del sabato ;$v37 830 2$aI libri del sabato ;$v37.$0(OLS)http://semarc/title/17673 850 $aSeMil 852 $aSeMil$W1$xVenegono$y1$m883 3 37 *$j91067$B91067$CSeMilBibl$Z2$F95891 $81 961 $aRecupero: Biblioteca Seminario Seveso (fino al 1985) 996 $6245$aIl peccatore$9(OLS)http://semarc/title/144821 996 $6260$aRoma :$bCasini$9(OLS)http://semarc/publisher/33129 LEADER 01219nam a2200265 i 4500 001 000000128041 003 CaOOAMICUS 005 20040713000000.0 008 040713s1965 it u000 u ita u 013 $a100758 040 $aSeMil$bita 100 1 $aBattan, Louis Joseph.$0(OLS)http://semarc/name/38878 240 10$aRadar Observes the Weather.$0(OLS)http://semarc/title/189130 245 13$aIl radar esplora l'atmosfera :$bNuove conoscenze nella fisica delle nubi /$cLouis J. Battan. 260 $aBologna :$bZanichelli,$ccopyr. 1965. 300 $a120 p. :$bill., [7] p. di tav. ;$c19 cm. 490 0 $aBiblioteca di Monografie Scientifiche ;$v10 500 $aContiene : Appendice ; Bibliografia. 650 4$aAtmosfera.$0(OLS)http://semarc/subject/11624 830 0$aBiblioteca di monografie scientifiche ;$v10.$0(OLS)http://semarc/title/21034 850 $aSeMil 852 $aSeMil$W1$xVenegono$y1$m136 12 10 *$j82275$B82275$CSeMilBibl$Z2$F84520 $81 961 $aRecupero: Biblioteca Seminario Liceale 996 $6245$aIl radar esplora l'atmosfera :$bNuove conoscenze nella fisica delle nubi$9(OLS)http://semarc/title/189129 996 $6260$aBologna :$bZanichelli$9(OLS)http://semarc/publisher/29934